Vplyv TNK na svetové hospodárstvo bakalárska práca

Salvato in:
Dettagli Bibliografici
Autore principale: Pagačárová, Eva
Ente Autore: Obchodná fakulta EU. Katedra medzinárodného obchodu
Altri autori: Thomas, Róbert
Natura: Libro
Lingua:slovacco
Pubblicazione: Bratislava 2012
Tags: Aggiungi Tag
Nessun Tag, puoi essere il primo ad aggiungerne!!

MARC

LEADER 00000nbm a2200000 4500
001 0154406
005 20161109111841.4
041 0 |a slo 
044 |a SK 
245 1 0 |a Vplyv TNK na svetové hospodárstvo  |b bakalárska práca  |c Eva Pagačárová ; školiteľ: Róbert Thomas 
264 1 |a Bratislava  |c 2012 
300 |a 47 s. 
100 1 |a Pagačárová, Eva 
700 1 |a Thomas, Róbert 
710 2 |a Obchodná fakulta EU. Katedra medzinárodného obchodu